Australian geography by letter: G - Statistics

General Stats
  • This quiz has been taken 39 times
    32 since last reset
  • The average score is 5 of 15
Answer Stats
Hint Answer % Correct
Second largest city in Victoria Geelong
100%
Common name for any eucalyptus, corymbia or angophore Gum tree
69%
Cheeky pink and grey cockatoo; also a slang term for a silly person Galah
52%
Adelaide beachside suburb, and palindrome Glenelg
45%
Large carnivorous lizard Goanna
45%
Port city in Western Australia Geraldton
38%
Commercial and administrative centre of the NSW Central Coast region Gosford
34%
Mustelus antarcticus, common in southern Australian waters, and, under the name 'flake', the most popular seafood in fish and chip shops Gummy shark
34%
Queensland city that celebrates its founding with the annual Gold Rush Festival Gympie
28%
The oldest town in South Australia Gawler
21%
Colonial name for Gariwerd Grampians
21%
Indigenous name for the Grampians Gariwerd
14%
Town in Queensland's Lockyer Valley Gatton
14%
River in northern NSW, and setting of a poem about a redback spider who camped there Gwydir
7%
Reptile that likes a warm, damp environment and can be found in homes and gardens Green tree frog
3%
No matching quizzes found
Score Distribution
Percent of People with Each Score
Percentile by Number Answered
Your Score History
You have not taken this quiz since the last reset